000 004820000a22001930004500
003 LK-CoMWRAF
005 20230908150642.0
008 230817t1993 ||||| |||| 00| 0 eng d
020 _a0553279378
040 _aLK-CoMWRAF
_dLK-CoMWRAF
_eLK-CoMWRAF
041 _aeng
082 _a810
_bANG
100 _aAngelou, Maya
245 _aI know why the caged bird sings
260 _bBantam Books,
_c1969
300 _a281 p. ; 22 cm.
650 _aWomen's Biographies
942 _cBK
999 _c2406
_d2406